Về phát huy sức mạnh đại đoàn kết dân tộc

Αποθηκεύτηκε σε:
Λεπτομέρειες βιβλιογραφικής εγγραφής
Κύριος συγγραφέας: Hồ Chí Minh
Μορφή: Βιβλίο
Γλώσσα:Undetermined
Έκδοση: Hà Nội Chính trị quốc gia 2003
Θέματα:
Ετικέτες: Προσθήκη ετικέτας
Δεν υπάρχουν, Καταχωρήστε ετικέτα πρώτοι!
Thư viện lưu trữ: Trung tâm Học liệu Trường Đại học Cần Thơ
LEADER 00587nam a2200205Ia 4500
001 CTU_62164
008 210402s9999 xx 000 0 und d
020 |b 15500 
082 |a 324.2075092 
082 |b M312 
100 |a Hồ Chí Minh 
245 0 |a Về phát huy sức mạnh đại đoàn kết dân tộc 
245 0 |c Hồ Chí Minh 
260 |a Hà Nội 
260 |b Chính trị quốc gia 
260 |c 2003 
650 |a Communists 
650 |z Vietnam 
904 |i Trúc Phương 
980 |a Trung tâm Học liệu Trường Đại học Cần Thơ